Kovové materiály. STN 42 0360. EN ISO 6508-3 : Skúška tvrdosti podľa Rockwella. Časť 3: Kalibrácia referenčných doštičiek (stupnica A, B, C, D, E, F, G, H, K, N, T). November 2001

Enregistré dans:
Détails bibliographiques
Format: Livre
Langue:tchèque
Publié: Bratislava : Slovenský ústav technickej normalizácie, 2001
Sujets:
Tags: Ajouter un tag
Pas de tags, Soyez le premier à ajouter un tag!

MARC

LEADER 00000nam a22000003a 4500
001 stu81974
005 20150408161520.0
008 031001s2001----xo------------------cze-d
040 |a STU  |b slo 
041 0 |a cze 
044 |a xo 
080 |a 669.018 
245 |a Kovové materiály. STN 42 0360. EN ISO 6508-3 :  |b Skúška tvrdosti podľa Rockwella. Časť 3: Kalibrácia referenčných doštičiek (stupnica A, B, C, D, E, F, G, H, K, N, T). November 2001 
260 |a Bratislava :  |b Slovenský ústav technickej normalizácie,  |c 2001 
300 |a 16 s 
650 7 |a materiály kovové  |2 stusub 
996 |b 284M057900  |c M*N-863/3-1  |l MMKN  |s A  |a 24  |w stu81974_0001